Mikä Aasian valtio? - Statistics

Yleistilastot
  • Tätä visaa on pelattu 513 kertaa
  • Keskiarvotulos 10 / 15
Vastaustilastot
Kysymys Vastaus % Oikein
Missä seuraavista valtioista on eniten asukkaita? Indonesia
83%
Minkä seuraavista valtioista pääkaupunki EI ala kirjaimella T? Pohjois-Korea
81%
Mikä näistä valtioista on Afghanistanin naapurimaa? Iran
79%
Mikä valtio tunnettiin aiemmin nimellä Ceylon Sri Lanka
79%
Mikä seuraavista valtioista sijaitsee Kaspianmeren rannalla? Azerbaidžan
76%
Missä seuraavista valtioista suurin osa asukkaista on kristittyjä? Georgia
74%
Mitä valtiota pidetään Siddhārtha Gautaman eli Buddhan syntymäpaikkana? Nepal
67%
Mikä seuraavista valtioista on monarkia? Oman
67%
Missä näistä valtioista puhutaan laajalti tagalogia? Filippiinit
64%
Millä näistä valtioista on ydinaseita? Pakistan
64%
Missä maassa sijaitsee Mandalayn kaupunki? Myanmar
60%
Minkä valtion alueita Japani EI valloittanut toisessa maailmansodassa? Sri Lanka
57%
Missä Kaaba sijaitsee? Saudi-Arabia
55%
Minkä valtion alueella Mekongjoki laskee mereen? Vietnam
55%
Missä näistä valtioista sijaitsee maailman matalin maanpäällinen paikka? Israel
33%
Ehtoja vastaavia visoja ei löytynyt
Tulosjakauma
Jokaisen tuloksen saaneiden osuus
Persentiili vastausten määrän mukaan
Tuloshistoriasi
Et ole pelannut tätä visaa